システム・ダイナミックス技法による電気通信の技術革新の展開法の研究「要約」(昭和48年3月)

Enregistré dans:
Détails bibliographiques
Collectivité auteur: 未来工学研究所
Format: Livre
Langue:Undetermined
Publié: 東京 未来工学研究所 1973
Sujets:
Tags: Ajouter un tag
Pas de tags, Soyez le premier à ajouter un tag!
Thư viện lưu trữ: Trung tâm Học liệu Trường Đại học Cần Thơ
LEADER 00599nam a2200181Ia 4500
001 CTU_80769
008 210402s9999 xx 000 0 und d
082 |a 621.38 
082 |b M671 
110 |a 未来工学研究所 
245 0 |a システム・ダイナミックス技法による電気通信の技術革新の展開法の研究「要約」(昭和48年3月) 
245 0 |c 未来工学研究所 
260 |a 東京 
260 |b 未来工学研究所 
260 |c 1973 
650 |a Telecommunication 
904 |i Ngoc,Hải 
980 |a Trung tâm Học liệu Trường Đại học Cần Thơ